000 00455pab a2200157 454500
008 180718b2001 xxu||||| |||| 00| 0 eng d
100 _aWickramasinghe, J.W.
245 _aNational health insurance scheme for a developing country with special reference to Sri Lanka
260 _c2001
300 _ap.26-35
362 _aApr
650 _aSocial security - Sri Lanka
650 _aSocial security
773 _aAsian Economic Review
909 _a48548
999 _c48548
_d48548